Śāntibhūmi. (Record no. 60497)

MARC details
000 -LEADER
fixed length control field 00521cam a22002171 4500
001 - CONTROL NUMBER
control field sa 64007797
003 - CONTROL NUMBER IDENTIFIER
control field DLC
005 - DATE AND TIME OF LATEST TRANSACTION
control field 20260227112049.0
008 - FIXED-LENGTH DATA ELEMENTS--GENERAL INFORMATION
fixed length control field 890621s1963 ii 000 1 malo
010 ## - LIBRARY OF CONGRESS CONTROL NUMBER
LC control number sa 64007797
035 ## - SYSTEM CONTROL NUMBER
System control number (OCoLC)19908104
040 ## - CATALOGING SOURCE
Original cataloging agency DLC
Transcribing agency WaU
Modifying agency DLC
042 ## - AUTHENTICATION CODE
Authentication code premarc
050 00 - LIBRARY OF CONGRESS CALL NUMBER
Classification number PL4718.9.K53
Item number S2
100 1# - MAIN ENTRY--PERSONAL NAME
Personal name Kittunny, C. A.,
Dates associated with a name 1907-1964.
245 10 - TITLE STATEMENT
Title Śāntibhūmi.
260 ## - PUBLICATION, DISTRIBUTION, ETC.
Place of publication, distribution, etc. [Trichur?
Date of publication, distribution, etc. 1963]
300 ## - PHYSICAL DESCRIPTION
Extent 193 p.
Dimensions 18 cm.
500 ## - GENERAL NOTE
General note In Malayalam.
500 ## - GENERAL NOTE
General note A novel.

No items available.

Powered by Koha